[Event "Lindores Abbey Tal Blitz 2021"]
[Site "Riga"]
[Date "2021.11.08"]
[Round "3.37"]
[White "Kuzubov, Yuriy"]
[Black "Melia, Salome"]
[Result "1-0"]
[WhiteElo "2637"]
[BlackElo "2371"]
[Annotator "ChessBase"]
[PlyCount "40"]
[EventDate "2021.11.02"]
[EventType "swiss"]
[EventCountry "LAT"]
[SourceTitle "playchess.com"]
[Source "ChessBase"]
[SourceQuality "1"]

1. d4 Nf6 2. Nf3 d5 3. c4 e6 4. Nc3 c5 5. e3 cxd4 6. exd4 Bb4 7. cxd5 exd5 8.
Bd3 O-O 9. O-O Bg4 10. h3 Bh5 11. Be2 Nc6 12. Ne5 Bxe2 13. Nxe2 Bd6 14. Bf4 Re8
15. Nxc6 bxc6 16. Rc1 Rxe2 17. Qxe2 Bxf4 18. Rxc6 Qa5 19. Rxf6 gxf6 20. Qg4+
Bg5 1-0

[Event "Lindores Abbey Tal Blitz 2021"]
[Site "Riga"]
[Date "2021.11.08"]
[Round "3.38"]
[White "Demchenko, Anton"]
[Black "Padmini, Rout"]
[Result "0-1"]
[WhiteElo "2655"]
[BlackElo "2353"]
[Annotator "ChessBase"]
[PlyCount "71"]
[EventDate "2021.11.02"]
[EventType "swiss"]
[EventCountry "LAT"]
[SourceTitle "playchess.com"]
[Source "ChessBase"]
[SourceQuality "1"]

1. e4 c5 2. Nf3 Nc6 3. Bb5 g6 4. O-O Bg7 5. d3 d6 6. c3 Nf6 7. Re1 O-O 8. h3 a6
9. Bxc6 bxc6 10. d4 Qb6 11. Nbd2 cxd4 12. cxd4 a5 13. b3 a4 14. Bb2 axb3 15.
axb3 Rxa1 16. Qxa1 Ba6 17. Bc3 Bd3 18. Re3 Bb5 19. Qb2 Ra8 20. Qc2 Qa6 21. Re1
Bd3 22. Qc1 Bh6 23. Qd1 d5 24. exd5 Nxd5 25. Bb2 Qa2 26. Qc1 e6 27. Qxc6 Rb8
28. Bc1 Qc2 29. Qd7 Rf8 30. g3 Nc3 31. Ba3 Bxd2 32. Nxd2 Qxd2 33. Ra1 Ne2+ 34.
Kh2 Nf4 35. g4 Bf5 36. Kg1 0-1

[Event "Lindores Abbey Tal Blitz 2021"]
[Site "Riga"]
[Date "2021.11.08"]
[Round "3.39"]
[White "Arakhamia-Grant, Ketevan"]
[Black "Henriquez Villagra, Cristobal"]
[Result "0-1"]
[WhiteElo "2362"]
[BlackElo "2608"]
[Annotator "ChessBase"]
[PlyCount "52"]
[EventDate "2021.11.02"]
[EventType "swiss"]
[EventCountry "LAT"]
[SourceTitle "playchess.com"]
[Source "ChessBase"]
[SourceQuality "1"]

1. e4 c6 2. d4 d5 3. e5 Bf5 4. Nd2 e6 5. Nb3 Nd7 6. Nf3 Ne7 7. Be2 h6 8. O-O a5
9. a4 g5 10. Ne1 Qc7 11. f4 c5 12. c3 c4 13. Nd2 gxf4 14. Rxf4 O-O-O 15. b3 f6
16. bxc4 fxe5 17. dxe5 Ng6 18. Rf1 Ndxe5 19. Qb3 Bc5+ 20. Kh1 Ng4 21. Bxg4 Bxg4
22. cxd5 Rxd5 23. Ne4 Rh5 24. g3 Qe5 25. Qc4 Rxh2+ 26. Kxh2 Qh5+ 0-1

[Event "Lindores Abbey Tal Blitz 2021"]
[Site "Riga"]
[Date "2021.11.08"]
[Round "3.40"]
[White "Buksa, Nataliya"]
[Black "Saric, Ivan"]
[Result "0-1"]
[WhiteElo "2410"]
[BlackElo "2665"]
[Annotator "ChessBase"]
[PlyCount "90"]
[EventDate "2021.11.02"]
[EventType "swiss"]
[EventCountry "LAT"]
[SourceTitle "playchess.com"]
[Source "ChessBase"]
[SourceQuality "1"]

1. d4 Nf6 2. Nc3 d5 3. Bf4 e6 4. Nb5 Bb4+ 5. c3 Ba5 6. a4 a6 7. b4 axb5 8. axb5
Bd7 9. e3 Bxb4 10. cxb4 Rxa1 11. Qxa1 Nh5 12. Bd3 Nxf4 13. exf4 O-O 14. Ne2 Qe7
15. Qc3 c6 16. b6 Qd8 17. Qc5 Bc8 18. b5 Nd7 19. Qc2 cxb5 20. Bxh7+ Kh8 21. Bd3
Qxb6 22. O-O b4 23. Rb1 Nb8 24. Qd2 Nc6 25. Qe3 f5 26. g4 Kg8 27. Kh1 Bd7 28.
h4 b3 29. h5 b2 30. g5 Ra8 31. Nc3 Ra3 32. Nb5 Ra1 33. Qe1 Nxd4 34. Rxa1 bxa1=Q
35. Qxa1 Nxb5 36. h6 gxh6 37. Qf6 Be8 38. gxh6 Qc7 39. Bxb5 Bxb5 40. Qxe6+ Kh7
41. Qxf5+ Kxh6 42. Qg5+ Kh7 43. f5 Qg7 44. Qd8 d4 45. f3 Bf1 0-1

[Event "Lindores Abbey Tal Blitz 2021"]
[Site "Riga"]
[Date "2021.11.08"]
[Round "3.41"]
[White "Rogule, Laura"]
[Black "Vachier-Lagrave, Maxime"]
[Result "0-1"]
[WhiteElo "2289"]
[BlackElo "2766"]
[Annotator "TA"]
[PlyCount "104"]
[EventDate "2021.11.02"]
[EventType "swiss"]
[EventCountry "LAT"]
[SourceTitle "playchess.com"]
[Source "ChessBase"]
[SourceQuality "1"]

1. c4 e5 2. Nc3 Nf6 3. g3 c6 4. Nf3 e4 5. Nd4 Bc5 6. Nb3 Bb4 7. Bg2 Qe7 8. O-O
O-O 9. d3 d5 10. cxd5 cxd5 11. Bg5 Bxc3 12. bxc3 Nbd7 13. dxe4 dxe4 14. Qd4 Re8
15. Rfd1 b6 16. Bh3 Ne5 17. Bg2 Bb7 18. a4 h6 19. Bf4 Ng6 20. Bd6 Qe6 21. Qb4
Rad8 22. Qa3 e3 23. Bxb7 exf2+ 24. Kh1 f1=Q+ 25. Rxf1 Qxd6 26. Qxd6 Rxd6 27.
Nd4 Ne5 28. a5 Neg4 29. a6 Ne3 30. Rf3 Nc4 31. h3 Rdd8 32. Kg2 Nd5 33. Kf2 Nxc3
34. Rxc3 Rxd4 35. Rac1 b5 36. Bc6 Re5 37. Rd3 Rxd3 38. exd3 Nd6 39. Bb7 Re7 40.
Bd5 g6 41. Rc6 Rd7 42. Bb3 Kf8 43. Rc5 Ke7 44. Re5+ Kd8 45. Ke3 Kc7 46. Kd2 Kb6
47. Bd5 Kxa6 48. Re1 Kb6 49. Kc3 a5 50. Rf1 b4+ 51. Kd4 Nf5+ 52. Ke5 Rxd5+ 0-1

[Event "Lindores Abbey Tal Blitz 2021"]
[Site "Riga"]
[Date "2021.11.08"]
[Round "3.42"]
[White "Sarana, Alexey"]
[Black "Harika, Dronavalli"]
[Result "0-1"]
[WhiteElo "2656"]
[BlackElo "2511"]
[Annotator "ChessBase"]
[PlyCount "94"]
[EventDate "2021.11.02"]
[EventType "swiss"]
[EventCountry "LAT"]
[SourceTitle "playchess.com"]
[Source "ChessBase"]
[SourceQuality "1"]

1. d4 d5 2. c4 e6 3. Nf3 Nf6 4. Nc3 c6 5. g3 Nbd7 6. Bg2 dxc4 7. O-O Be7 8. a4
O-O 9. e4 e5 10. dxe5 Ng4 11. Bf4 Qa5 12. e6 fxe6 13. Bh3 e5 14. Bxg4 exf4 15.
Bxd7 Rd8 16. Bxc8 Rxd1 17. Be6+ Kh8 18. Raxd1 Qh5 19. Kg2 Rf8 20. Rd7 Bf6 21.
g4 Qe8 22. Rd6 h5 23. h3 Be7 24. Bd7 Qf7 25. Ne5 f3+ 26. Kh1 Bxd6 27. Nxf7+
Rxf7 28. Bf5 Rf6 29. gxh5 a6 30. Rd1 Kg8 31. Nb1 b5 32. Nd2 Be5 33. Nxf3 Bxb2
34. Rd8+ Kf7 35. Ng5+ Ke7 36. Rd7+ Ke8 37. Rc7 c3 38. axb5 c2 39. Ne6 c1=Q+ 40.
Kg2 Rxe6 41. Bxe6 Qg5+ 42. Bg4 cxb5 43. Ra7 Bd4 44. Rxa6 Qd2 45. Ra8+ Ke7 46.
h4 Qxf2+ 47. Kh3 Be5 0-1

[Event "Lindores Abbey Tal Blitz 2021"]
[Site "Riga"]
[Date "2021.11.08"]
[Round "3.43"]
[White "Shuvalova, Polina"]
[Black "Petrosyan, Manuel"]
[Result "0-1"]
[WhiteElo "2515"]
[BlackElo "2599"]
[Annotator "ChessBase"]
[PlyCount "72"]
[EventDate "2021.11.02"]
[EventType "swiss"]
[EventCountry "LAT"]
[SourceTitle "playchess.com"]
[Source "ChessBase"]
[SourceQuality "1"]

1. e4 c6 2. d4 d5 3. e5 Bf5 4. h4 h5 5. Bd3 Bxd3 6. Qxd3 e6 7. Bg5 Be7 8. Nf3
Qa5+ 9. Nbd2 Qa6 10. c4 Nd7 11. O-O Bxg5 12. Nxg5 Nh6 13. b3 Nf5 14. g3 Rd8 15.
Rfd1 O-O 16. Qf3 g6 17. cxd5 Nxd4 18. Qg2 cxd5 19. Ndf3 Nxf3+ 20. Nxf3 Kg7 21.
Rd4 Rc8 22. Rf4 Qa3 23. Kh2 Rc1 24. Rxc1 Qxc1 25. Ra4 a6 26. g4 Rh8 27. Qg3
hxg4 28. Rxg4 Rh5 29. Qf4 Qxf4+ 30. Rxf4 Nxe5 31. Ng5 Rh8 32. Rb4 b5 33. f4
Rxh4+ 34. Kg3 Rh5 35. a4 Nc6 36. axb5 Nxb4 0-1

[Event "Lindores Abbey Tal Blitz 2021"]
[Site "Riga"]
[Date "2021.11.08"]
[Round "3.44"]
[White "Garifullina, Leya"]
[Black "Ter-Sahakyan, Samvel"]
[Result "0-1"]
[WhiteElo "2416"]
[BlackElo "2615"]
[Annotator "ChessBase"]
[PlyCount "88"]
[EventDate "2021.11.02"]
[EventType "swiss"]
[EventCountry "LAT"]
[SourceTitle "playchess.com"]
[Source "ChessBase"]
[SourceQuality "1"]

1. e4 c5 2. Nf3 d6 3. d4 cxd4 4. Nxd4 Nf6 5. Nc3 a6 6. h3 e5 7. Nde2 h5 8. g3
Be7 9. Bg2 O-O 10. O-O b5 11. Nd5 Nxd5 12. Qxd5 Ra7 13. Be3 Rb7 14. Qd2 Nd7 15.
b3 Nf6 16. Rac1 Be6 17. f4 Bd7 18. c4 b4 19. c5 Qc7 20. Rfd1 Ne8 21. Qd5 dxc5
22. Bxc5 Bxc5+ 23. Qxc5 Qxc5+ 24. Rxc5 Bb5 25. Kf2 Bxe2 26. Kxe2 exf4 27. gxf4
Rb5 28. Rxb5 axb5 29. Rd5 Nc7 30. Rc5 Ne6 31. Rc1 Nxf4+ 32. Kf3 Nd3 33. Rd1
Ne5+ 34. Kf4 f6 35. Bf1 Ra8 36. Rd2 Rc8 37. Bxb5 Rc3 38. Kf5 Kf7 39. Bc4+ Ke7
40. Rf2 Rxh3 41. Kf4 g5+ 42. Kf5 Rf3+ 43. Rxf3 Nxf3 44. Be2 Nd4+ 0-1

[Event "Lindores Abbey Tal Blitz 2021"]
[Site "Riga"]
[Date "2021.11.08"]
[Round "3.45"]
[White "Vantika Agrawal"]
[Black "Fedoseev, Vladimir"]
[Result "0-1"]
[WhiteElo "2329"]
[BlackElo "2704"]
[Annotator "TA"]
[PlyCount "67"]
[EventDate "2021.11.02"]
[EventType "swiss"]
[EventCountry "LAT"]
[SourceTitle "playchess.com"]
[Source "ChessBase"]
[SourceQuality "1"]

1. d4 f5 2. Nf3 Nf6 3. g3 g6 4. Bg2 Bg7 5. O-O O-O 6. b3 d6 7. Bb2 c6 8. c4 Kh8
9. Nbd2 Be6 10. Qc2 d5 11. e3 Nbd7 12. Rfc1 Rc8 13. a4 Ne4 14. b4 a5 15. bxa5
Qxa5 16. Nb3 Qc7 17. cxd5 Bxd5 18. Nfd2 Nef6 19. Nc4 Bxg2 20. Kxg2 Nd5 21. Ba3
b5 22. Ncd2 b4 23. Bb2 c5 24. dxc5 Nc3 25. Bxc3 bxc3 26. Nf3 Qb7 27. c6 Qxc6
28. Qe2 Qd5 29. Nbd4 Rc4 30. Kg1 Nc5 31. Ra3 Nxa4 32. Nc2 Nb2 33. Nfe1 Qd2 34.
Qd1 0-1

[Event "Lindores Abbey Tal Blitz 2021"]
[Site "Riga"]
[Date "2021.11.08"]
[Round "3.46"]
[White "Batsiashvili, Nino"]
[Black "Swiercz, Dariusz"]
[Result "0-1"]
[WhiteElo "2491"]
[BlackElo "2647"]
[Annotator "ChessBase"]
[PlyCount "86"]
[EventDate "2021.11.02"]
[EventType "swiss"]
[EventCountry "LAT"]
[SourceTitle "playchess.com"]
[Source "ChessBase"]
[SourceQuality "1"]

1. d4 Nf6 2. c4 g6 3. Nc3 Bg7 4. e4 d6 5. h3 e5 6. d5 a5 7. Be3 Na6 8. Bd3 Nc5
9. Bc2 Bd7 10. Nge2 O-O 11. g4 c6 12. Ng3 cxd5 13. cxd5 b5 14. f3 b4 15. Nce2
Bb5 16. h4 a4 17. a3 b3 18. Bb1 Nfd7 19. h5 Bf6 20. Qd2 Nb6 21. Bh6 Nc4 22. Qc1
Rc8 23. Nc3 Ba6 24. Kf2 Qa5 25. Kg2 Rfe8 26. hxg6 fxg6 27. Bg5 Bxg5 28. Qxg5
Qd8 29. Qh6 Qe7 30. Nf5 gxf5 31. exf5 Qg7 32. Qc1 e4 33. Bxe4 Nxe4 34. fxe4
Nxb2 35. g5 Rxc3 36. Qf4 Nd3 37. Qh4 Rc2+ 38. Kf3 Rf2+ 39. Ke3 Rxf5 40. Rag1
Rf4 41. Qh5 Rexe4+ 42. Kd2 Qb2+ 43. Kd1 Qc2# 0-1

[Event "Lindores Abbey Tal Blitz 2021"]
[Site "Riga"]
[Date "2021.11.08"]
[Round "3.47"]
[White "Neiksans, Arturs"]
[Black "Munguntuul, Batkhuyag"]
[Result "0-1"]
[WhiteElo "2575"]
[BlackElo "2433"]
[Annotator "ChessBase"]
[PlyCount "97"]
[EventDate "2021.11.02"]
[EventType "swiss"]
[EventCountry "LAT"]
[SourceTitle "playchess.com"]
[Source "ChessBase"]
[SourceQuality "1"]

1. e4 c5 2. Nf3 e6 3. g3 Nc6 4. Bg2 Nf6 5. Nc3 e5 6. O-O Be7 7. d3 O-O 8. Nd2
d6 9. Nc4 Nd4 10. Ne3 b5 11. f4 b4 12. Ncd5 Nxd5 13. Nxd5 Bb7 14. c3 bxc3 15.
bxc3 Nb5 16. Bd2 Bxd5 17. exd5 exf4 18. gxf4 Bf6 19. Qc2 Rb8 20. a4 Nc7 21.
Rab1 Qd7 22. h3 Qf5 23. c4 Na6 24. Rb5 Nb4 25. Qb3 a6 26. Rxb8 Rxb8 27. Rf3 h6
28. a5 Qc8 29. Qa4 Qf5 30. Bf1 Bd4+ 31. Kh2 Kh7 32. Rg3 g6 33. Qb3 Re8 34. Qd1
Re7 35. Qg4 Qf6 36. Bg2 h5 37. Qd1 Bf2 38. Rf3 Bd4 39. Qf1 Nc2 40. Rg3 Ne3 41.
Bxe3 Rxe3 42. Be4 Rxg3 43. Kxg3 Be3 44. Qf3 h4+ 45. Kg4 Bd2 46. Qf2 Qb2 47.
Qxh4+ Kg7 48. f5 Bc3 49. fxg6 0-1

[Event "Lindores Abbey Tal Blitz 2021"]
[Site "Riga"]
[Date "2021.11.08"]
[Round "3.48"]
[White "Maltsevskaya, Aleksandra"]
[Black "Tabatabaei, M. Amin"]
[Result "0-1"]
[WhiteElo "2411"]
[BlackElo "2639"]
[Annotator "ChessBase"]
[PlyCount "70"]
[EventDate "2021.11.02"]
[EventType "swiss"]
[EventCountry "LAT"]
[SourceTitle "playchess.com"]
[Source "ChessBase"]
[SourceQuality "1"]

1. e4 c5 2. Nf3 d6 3. d4 cxd4 4. Nxd4 Nf6 5. Nc3 Nc6 6. Bg5 e6 7. Qd2 a6 8.
O-O-O Bd7 9. f3 Be7 10. h4 Nxd4 11. Qxd4 Qc7 12. Qd2 b5 13. a3 h6 14. Bf4 e5
15. Be3 Be6 16. g4 Qb7 17. Be2 b4 18. axb4 Qxb4 19. Nd5 Qa4 20. Kb1 Nxd5 21.
exd5 Bd7 22. g5 h5 23. g6 f5 24. Bg5 f4 25. Bd3 Rb8 26. Rde1 Qb4 27. c3 Qc5 28.
Rh2 Bxg5 29. hxg5 Kd8 30. Bxa6 Bf5+ 31. Kc1 Qa5 32. Kd1 Qxa6 33. Reh1 Bxg6 34.
b4 Qc4 35. Ke1 Ra8 0-1

[Event "Lindores Abbey Tal Blitz 2021"]
[Site "Riga"]
[Date "2021.11.08"]
[Round "3.49"]
[White "Rakhmanov, Aleksandr"]
[Black "Girya, Olga"]
[Result "1-0"]
[WhiteElo "2650"]
[BlackElo "2402"]
[Annotator "ChessBase"]
[PlyCount "105"]
[EventDate "2021.11.02"]
[EventType "swiss"]
[EventCountry "LAT"]
[SourceTitle "playchess.com"]
[Source "ChessBase"]
[SourceQuality "1"]

1. c4 e6 2. e4 c5 3. Nf3 Nc6 4. d4 cxd4 5. Nxd4 Bb4+ 6. Bd2 Bxd2+ 7. Qxd2 Nxd4
8. Qxd4 Qa5+ 9. Nc3 e5 10. Qd6 Nf6 11. O-O-O Qb6 12. Qxe5+ Qe6 13. Qd6 Qxd6 14.
Rxd6 b6 15. Be2 Bb7 16. f3 Bc6 17. Rhd1 Ke7 18. b4 Rhd8 19. e5 Ne8 20. R6d4 d6
21. exd6+ Rxd6 22. Kb2 Rad8 23. Rxd6 Nxd6 24. Kb3 Nf5 25. Rxd8 Kxd8 26. b5 Bd7
27. Kb4 Ne3 28. g3 Nc2+ 29. Kb3 Nd4+ 30. Kb2 Be6 31. c5 bxc5 32. a4 Kc7 33. f4
a6 34. bxa6 Nxe2 35. Nxe2 Kb6 36. Nc3 Kxa6 37. Ne4 Bd5 38. Nxc5+ Ka5 39. Ka3
Bf3 40. Nb3+ Kb6 41. Kb4 Bd1 42. Nd4 Bg4 43. a5+ Ka6 44. Nb3 f6 45. Nc5+ Ka7
46. Kb5 Be2+ 47. Kb4 Bf1 48. Kc3 Kb8 49. Ne6 g6 50. Nf8 g5 51. fxg5 fxg5 52.
Nxh7 Ka7 53. Nxg5 1-0

[Event "Lindores Abbey Tal Blitz 2021"]
[Site "Riga"]
[Date "2021.11.08"]
[Round "3.50"]
[White "Sasikiran, Krishnan"]
[Black "Zhu, Jiner"]
[Result "1/2-1/2"]
[WhiteElo "2640"]
[BlackElo "2455"]
[Annotator "ChessBase"]
[PlyCount "110"]
[EventDate "2021.11.02"]
[EventType "swiss"]
[EventCountry "LAT"]
[SourceTitle "playchess.com"]
[Source "ChessBase"]
[SourceQuality "1"]

1. e4 c5 2. Nf3 d6 3. d4 cxd4 4. Nxd4 Nf6 5. Nc3 a6 6. Be3 e5 7. Nb3 Be6 8. f3
h5 9. Nd5 Bxd5 10. exd5 Nbd7 11. Qd2 g6 12. O-O-O Nb6 13. Kb1 Nbxd5 14. Bg5 Be7
15. h4 Nb6 16. Bxf6 Bxf6 17. Qxd6 Qxd6 18. Rxd6 Bd8 19. Nc5 Rb8 20. Ne4 Ke7 21.
Rd3 Bc7 22. Be2 Rhd8 23. Rhd1 Rxd3 24. Rxd3 f5 25. Ng5 Rd8 26. Rxd8 Bxd8 27. c4
Nd7 28. b4 Nf8 29. c5 Ne6 30. Nxe6 Kxe6 31. Bc4+ Ke7 32. Kc2 Kf8 33. Kd3 Bxh4
34. Bd5 b6 35. cxb6 Bf2 36. b7 Ba7 37. Kc4 Ke7 38. b5 axb5+ 39. Kxb5 h4 40. Ka6
Bb8 41. Kb6 g5 42. a4 Kd6 43. Bc4 g4 44. fxg4 fxg4 45. Be2 h3 46. gxh3 gxh3 47.
Bf3 Bc7+ 48. Ka7 Kc5 49. a5 Kb4 50. a6 Ka5 51. Bh1 h2 52. Bg2 Bd6 53. Bh1 Bc7
54. Be4 Bd6 55. Bh1 Bc7 1/2-1/2

[Event "Lindores Abbey Tal Blitz 2021"]
[Site "Riga"]
[Date "2021.11.08"]
[Round "3.51"]
[White "Budisavljevic, Luka"]
[Black "Morovic Fernandez, Ivan"]
[Result "1-0"]
[WhiteElo "2511"]
[BlackElo "2510"]
[Annotator "ChessBase"]
[PlyCount "81"]
[EventDate "2021.11.02"]
[EventType "swiss"]
[EventCountry "LAT"]
[SourceTitle "playchess.com"]
[Source "ChessBase"]
[SourceQuality "1"]

1. d4 d5 2. Bf4 Nf6 3. e3 e6 4. Nd2 Bd6 5. Bg3 c5 6. c3 O-O 7. Bd3 Qc7 8. f4
cxd4 9. cxd4 Nc6 10. a3 Qb6 11. Rb1 Bd7 12. Ngf3 Ne7 13. Qe2 a6 14. Bh4 Bb5 15.
Bxf6 gxf6 16. O-O f5 17. Ng5 h6 18. Ngf3 Bxd3 19. Qxd3 Qb5 20. Ne5 Bxe5 21.
Qxb5 axb5 22. fxe5 Rfc8 23. Rfc1 Nc6 24. Nb3 b4 25. axb4 Nxb4 26. Nc5 Rc7 27.
Rc3 b6 28. Nxe6 Rxc3 29. bxc3 Na2 30. Nc7 Ra5 31. Rb3 Nc1 32. Rxb6 Nd3 33. h4
Ra1+ 34. Kh2 Nf2 35. Nxd5 Rh1+ 36. Kg3 Ne4+ 37. Kf3 Rf1+ 38. Ke2 Rf2+ 39. Kd3
Rxg2 40. Nf6+ Nxf6 41. Rxf6 1-0

[Event "Lindores Abbey Tal Blitz 2021"]
[Site "Riga"]
[Date "2021.11.08"]
[Round "3.52"]
[White "Assaubayeva, Bibisara"]
[Black "Stefanova, Antoaneta"]
[Result "1/2-1/2"]
[WhiteElo "2400"]
[BlackElo "2475"]
[Annotator "ChessBase"]
[PlyCount "33"]
[EventDate "2021.11.02"]
[EventType "swiss"]
[EventCountry "LAT"]
[SourceTitle "playchess.com"]
[Source "ChessBase"]
[SourceQuality "1"]

1. d4 d5 2. c4 c6 3. Nf3 Nf6 4. e3 g6 5. Nc3 Bg7 6. Be2 O-O 7. O-O b6 8. cxd5
cxd5 9. Ne5 Bb7 10. Qa4 Nfd7 11. Nxd7 Qxd7 12. Qxd7 Nxd7 13. Bd2 Rfc8 14. Rac1
Bf8 15. Rc2 Rc7 16. Rfc1 Rac8 17. f3 1/2-1/2

[Event "Lindores Abbey Tal Blitz 2021"]
[Site "Riga"]
[Date "2021.11.08"]
[Round "3.53"]
[White "Atalik, Ekaterina"]
[Black "Sethuraman, S.P.."]
[Result "0-1"]
[WhiteElo "2430"]
[BlackElo "2620"]
[Annotator "ChessBase"]
[PlyCount "83"]
[EventDate "2021.11.02"]
[EventType "swiss"]
[EventCountry "LAT"]
[SourceTitle "playchess.com"]
[Source "ChessBase"]
[SourceQuality "1"]

1. Nf3 g6 2. d4 f5 3. g3 Nf6 4. Bg2 Bg7 5. O-O O-O 6. c4 d6 7. Nc3 Nc6 8. b3 e5
9. d5 Ne7 10. e4 f4 11. Bb2 h6 12. Re1 Nh5 13. c5 Bg4 14. cxd6 cxd6 15. Qd3 g5
16. h3 Bd7 17. g4 Nf6 18. Ba3 Ne8 19. Nb5 Qa5 20. Nxd6 Qxa3 21. Nc4 Qa6 22.
Nfxe5 Bb5 23. a4 Bxc4 24. Nxc4 Bxa1 25. Rxa1 Ng6 26. e5 f3 27. Bxf3 Nf4 28. Qe3
Ng7 29. e6 Rae8 30. Re1 Ngxe6 31. dxe6 Rxe6 32. Bd5 Rfe8 33. Bxe6+ Rxe6 34. Qc3
Ne2+ 35. Rxe2 Rxe2 36. Qd3 Re1+ 37. Kh2 Qe6 38. Qd8+ Kh7 39. Qc7+ Qe7 40. Qb8
Re2 41. Kg3 Qf7 42. f3 0-1

[Event "Lindores Abbey Tal Blitz 2021"]
[Site "Riga"]
[Date "2021.11.08"]
[Round "3.54"]
[White "Bivol, Alina"]
[Black "Gunina, Valentina"]
[Result "1/2-1/2"]
[WhiteElo "2377"]
[BlackElo "2480"]
[Annotator "ChessBase"]
[PlyCount "88"]
[EventDate "2021.11.02"]
[EventType "swiss"]
[EventCountry "LAT"]
[SourceTitle "playchess.com"]
[Source "ChessBase"]
[SourceQuality "1"]

1. e4 c6 2. d4 d5 3. exd5 cxd5 4. c4 Nf6 5. Nc3 Nc6 6. Nf3 a6 7. h3 g6 8. c5
Bg7 9. Bd3 O-O 10. O-O b6 11. Na4 bxc5 12. Nxc5 Nd7 13. Nb3 a5 14. a4 Qb6 15.
Re1 Rb8 16. Bb5 Ba6 17. Bxc6 Qxc6 18. Nxa5 Qb6 19. b4 Rfe8 20. Bd2 e5 21. b5 e4
22. Ne5 Nxe5 23. dxe5 Bxe5 24. Rc1 Bb7 25. Nc6 Bxc6 26. Rxc6 Qa7 27. Bg5 Ra8
28. Qxd5 Qxa4 29. Bf6 Qb4 30. Rd1 Bxf6 31. Rxf6 Qe7 32. Rd6 e3 33. fxe3 Qxe3+
34. Kh1 Ra7 35. Rd7 Rxd7 36. Qxd7 Rb8 37. Rf1 Qb3 38. Kh2 Qc4 39. Rf3 Kg7 40.
Qd6 Rxb5 41. Qf6+ Kg8 42. Qd8+ Kg7 43. Qf6+ Kh6 44. Qxf7 Qxf7 1/2-1/2

[Event "Lindores Abbey Tal Blitz 2021"]
[Site "Riga"]
[Date "2021.11.08"]
[Round "3.55"]
[White "Arabidze, Meri"]
[Black "Zawadzka, Jolanta"]
[Result "1-0"]
[WhiteElo "2441"]
[BlackElo "2429"]
[Annotator "NA"]
[PlyCount "87"]
[EventDate "2021.11.02"]
[EventType "swiss"]
[EventCountry "LAT"]
[SourceTitle "playchess.com"]
[Source "ChessBase"]
[SourceQuality "1"]

1. Nf3 d5 2. g3 Nf6 3. Bg2 c6 4. O-O Bg4 5. d3 Nbd7 6. Nbd2 e5 7. e4 dxe4 8.
dxe4 Bc5 9. Qe1 O-O 10. h3 Bh5 11. a4 a5 12. Nb3 Bb6 13. Be3 Qc7 14. Nh4 Rfe8
15. Nf5 Bg6 16. Rd1 Bxf5 17. exf5 Bxe3 18. Qxe3 Nb6 19. Nc5 Nbd5 20. Qb3 b6 21.
Ne4 Rad8 22. Nxf6+ Nxf6 23. g4 e4 24. Qc4 Rxd1 25. Rxd1 h6 26. Qd4 Nd5 27. c4
Nf4 28. Qd6 Qxd6 29. Rxd6 Nd3 30. Rxc6 Nxb2 31. Rxb6 Nxc4 32. Rb5 e3 33. fxe3
Rxe3 34. Bd5 Nd2 35. Rxa5 Rd3 36. Ra8+ Kh7 37. Bxf7 h5 38. g5 Nf3+ 39. Kf2 Nxg5
40. Bg6+ Kh6 41. Rh8+ Nh7 42. Rxh7+ Kg5 43. Rxh5+ Kf4 44. Rh4+ 1-0

[Event "Lindores Abbey Tal Blitz 2021"]
[Site "Riga"]
[Date "2021.11.08"]
[Round "3.56"]
[White "Socko, Monika"]
[Black "Tregubov, Pavel V."]
[Result "1/2-1/2"]
[WhiteElo "2393"]
[BlackElo "2537"]
[Annotator "ChessBase"]
[PlyCount "84"]
[EventDate "2021.11.02"]
[EventType "swiss"]
[EventCountry "LAT"]
[SourceTitle "playchess.com"]
[Source "ChessBase"]
[SourceQuality "1"]

1. d4 Nf6 2. c4 e6 3. Nf3 Bb4+ 4. Nbd2 O-O 5. g3 c5 6. Bg2 cxd4 7. Nxd4 d5 8.
O-O Nc6 9. N4b3 Qe7 10. a3 Bd6 11. cxd5 exd5 12. Nf3 Re8 13. Nbd4 Bg4 14. Re1
Rad8 15. b4 a5 16. b5 Ne5 17. Nxe5 Bxe5 18. Bb2 Rc8 19. Qd3 Qd7 20. Rac1 Rxc1
21. Rxc1 Bxd4 22. Bxd4 Bxe2 23. Qc3 Qf5 24. Qxa5 Bf3 25. Bxf3 Qxf3 26. Bxf6
Qxf6 27. Qd2 d4 28. Rd1 Rd8 29. Qd3 g6 30. h4 b6 31. a4 Kg7 32. Kg2 h5 33. Qf3
Rd6 34. Rd3 Qe5 35. Qb7 Rf6 36. Rf3 Rxf3 37. Qxf3 Qc5 38. Qe4 Qc3 39. Qe5+ Kg8
40. Qe8+ Kg7 41. Qe5+ Kg8 42. Qe8+ Kg7 1/2-1/2

[Event "Lindores Abbey Tal Blitz 2021"]
[Site "Riga"]
[Date "2021.11.08"]
[Round "3.57"]
[White "Cori T., Deysi"]
[Black "Badelka, Olga"]
[Result "1/2-1/2"]
[WhiteElo "2396"]
[BlackElo "2438"]
[Annotator "NA"]
[PlyCount "101"]
[EventDate "2021.11.02"]
[EventType "swiss"]
[EventCountry "LAT"]
[SourceTitle "playchess.com"]
[Source "ChessBase"]
[SourceQuality "1"]

1. d4 d5 2. Nf3 Nf6 3. c4 dxc4 4. e3 e6 5. Bxc4 a6 6. a4 b6 7. O-O Bb7 8. Nc3
Nbd7 9. Qe2 c5 10. Rd1 Qc7 11. e4 cxd4 12. Nxd4 Bd6 13. Bxe6 Bxh2+ 14. Kh1 Be5
15. Bxd7+ Nxd7 16. Nf3 Bxc3 17. bxc3 O-O 18. Nd4 Rae8 19. f3 f5 20. Qa2+ Kh8
21. Ne6 Qg3 22. Nxf8 Rxf8 23. Qe6 fxe4 24. Qg4 Qxg4 25. fxg4 Ne5 26. Ba3 Rc8
27. Rf1 Kg8 28. Rad1 h6 29. Rd6 e3 30. Re1 Nxg4 31. Rxb6 Bd5 32. Rg6 Nf2+ 33.
Kh2 Rxc3 34. Bb2 Rb3 35. Rxg7+ Kf8 36. Rd7 Be6 37. Rd6 Ke7 38. Be5 Ng4+ 39. Kg1
Nxe5 40. Rxa6 Bc4 41. Ra5 Kf6 42. Rc5 e2 43. a5 Ra3 44. Rc1 Nd3 45. R5xc4 Nxc1
46. Rxc1 Rxa5 47. Re1 Ra2 48. Kf2 Kf5 49. Rxe2 Rxe2+ 50. Kxe2 Kg4 51. Kf2
1/2-1/2

[Event "Lindores Abbey Tal Blitz 2021"]
[Site "Riga"]
[Date "2021.11.08"]
[Round "3.58"]
[White "Rakotomaharo, Fy Antenaina"]
[Black "Martynov, Aleksandr"]
[Result "1-0"]
[WhiteElo "2487"]
[BlackElo "1648"]
[Annotator "ChessBase"]
[PlyCount "109"]
[EventDate "2021.11.02"]
[EventType "swiss"]
[EventCountry "LAT"]
[SourceTitle "playchess.com"]
[Source "ChessBase"]
[SourceQuality "1"]

1. e4 e6 2. d4 d5 3. e5 c5 4. c3 Nc6 5. Nf3 f6 6. Bd3 Bd7 7. O-O f5 8. c4 dxc4
9. Bxc4 Nge7 10. Nc3 Nxd4 11. Nxd4 cxd4 12. Qxd4 Nc6 13. Qe3 Qb6 14. Qg3 Qd4
15. Bb3 Qg4 16. Qe3 Qd4 17. Nb5 Qxe3 18. Bxe3 Kf7 19. Rfd1 Nxe5 20. Nxa7 Be8
21. a4 Nc6 22. Nb5 Bb4 23. Nc7 Rd8 24. Nxe6 Rxd1+ 25. Rxd1 Kf6 26. Bg5+ Kg6 27.
h4 h6 28. Be3 Na5 29. Nf4+ Kh7 30. Bc2 Rf8 31. Rd5 Nc4 32. Bc1 Nb6 33. Rxf5
Rxf5 34. Bxf5+ g6 35. Bc2 Nxa4 36. h5 Kg8 37. hxg6 Nc5 38. Nd5 Ba5 39. Nf6+ Kf8
40. Bxh6+ Ke7 41. g7 Bf7 42. g8=Q Bxg8 43. Nxg8+ Kf7 44. Be3 Nd7 45. Nh6+ Ke7
46. Nf5+ Ke6 47. Nd4+ Kd5 48. g4 Ne5 49. g5 Bb6 50. Bb3+ Ke4 51. Bc2+ Kd5 52.
g6 Bxd4 53. Bxd4 Nf3+ 54. Kh1 Ke6 55. g7 1-0